000 00839nam a2200217 u 4500
001 000760271
003 AM-YEHGA
005 20250617164456.0
008 100922s1962 |||| |||||||||||||rus d
040 _aAM-YeHGA
041 1 _arus
_hcze
100 1 _aРжезач, Вацлав
245 1 0 _aРубеж :
_bРоман /
_cВ. Ржезач ; Пер. с чешск. Д. Горбова; Предисл. Б. Слуцкого.
260 _aМосква :
_bХудожественная литература,
_c1962.
300 _a398 с. :
_bрис. ;
_c21 см.
534 _pОригинал на чеш. :
_tRozhrani /
_aVaclav Rezac -
_c1944
650 1 4 _aЧешская литература
_xРоман
700 1 _aГорбов, Д.
_eпер.
_4trl
700 1 _aСлуцкий, Б.
_eавт. предисл.
_4aui
090 _c531921
999 _c524725
_d524725